| 000 | 01726nam a22002297a 4500 | ||
|---|---|---|---|
| 003 | BJBSDDR | ||
| 005 | 20260423085752.0 | ||
| 007 | ta | ||
| 008 | 260423s2024 nyu||||| |||| 00| 0 eng d | ||
| 020 | _a9781668051399 | ||
| 020 | _a1668051397 | ||
| 040 |
_bspa _cBJBSDDR |
||
| 041 | _aeng | ||
| 050 | _bM214 2024 | ||
| 100 | 1 |
_aMaher, Bill, _d1956- _939730 |
|
| 245 | 1 | 0 |
_a What this comedian said will shock you / _cBill Maher |
| 260 |
_aNew York : _bSimon & Schuster, _c2024 |
||
| 300 |
_a 400 pages ; _c22 cm |
||
| 520 | _aThe hilarious and controversial host of HBO's Real Time with Bill Maher has written his funniest, most opinionated, and most necessary book ever--a brilliantly astute and acerbically funny vivisection of American life, politics, and culture. Some of the smartest commentary about what's happening in America is coming from a comedian--this comedian being Bill Maher. If you want to understand what's wrong with this country, it turns out that one of the best informed and most thought-provoking analysts is this very funny pothead. The book was inspired by the "editorial" Bill delivers at the end of each episode of Real Time. These editorials are direct-to-camera sermons about culture, politics, and what's happening in the world. To put this book together, Maher reviewed more than a decade of his editorials, rewriting, reimagining, and updating them. Free speech, cops, drugs, race, religion, the generations, cancel culture, the parties, the media, show biz, romance, health--Maher covers it all. The result is a hugely entertaining work of commentary about American culture in the tradition of Mark Twain, Will Rogers, and H. L. Mencken | ||
| 942 |
_2lcc _n0 _cBK |
||
| 946 | _icmc | ||
| 999 |
_c126887 _d126887 |
||